|
|
|
|
| LEADER |
01312nam a2200349Ia 4500 |
| 001 |
EBC3412603 |
| 003 |
MiAaPQ |
| 005 |
20200520144314.0 |
| 006 |
m o d | |
| 007 |
cr cn||||||||| |
| 008 |
080605s2008 bcc sb 001 0 eng d |
| 020 |
|
|
|z 9780774815840 (bound)
|
| 035 |
|
|
|a (MiAaPQ)EBC3412603
|
| 035 |
|
|
|a (Au-PeEL)EBL3412603
|
| 035 |
|
|
|a (CaPaEBR)ebr10348921
|
| 035 |
|
|
|a (CaONFJC)MIL245711
|
| 035 |
|
|
|a (OCoLC)923447835
|
| 040 |
|
|
|a MiAaPQ
|c MiAaPQ
|d MiAaPQ
|
| 050 |
|
4 |
|a HF1479
|b .K85 2008
|
| 100 |
1 |
|
|a Kukucha, Christopher John.
|
| 245 |
1 |
4 |
|a The provinces and Canadian foreign trade policy
|h [electronic resource] /
|c Christopher J. Kukucha.
|
| 260 |
|
|
|a Vancouver :
|b UBC Press,
|c c2008.
|
| 300 |
|
|
|a xiv, 242 p.
|
| 504 |
|
|
|a Includes bibliographical references and index.
|
| 533 |
|
|
|a Electronic reproduction. Ann Arbor, MI : ProQuest, 2015. Available via World Wide Web. Access may be limited to ProQuest affiliated libraries.
|
| 650 |
|
0 |
|a Foreign trade promotion
|z Canada
|x Provinces.
|
| 651 |
|
0 |
|a Canada
|x Foreign economic relations.
|
| 651 |
|
0 |
|a Canada
|x Commerce.
|
| 651 |
|
0 |
|a Canada
|x Commercial policy.
|
| 655 |
|
4 |
|a Electronic books.
|
| 710 |
2 |
|
|a ProQuest (Firm)
|
| 856 |
4 |
0 |
|u https://ebookcentral.proquest.com/lib/matrademy/detail.action?docID=3412603
|z Click to View
|